00449nam a2200157Ia 4500999001700000003000400017005001700021008004100038040000900079082001500088100002500103245007100128260004600199300000900245942003700254 c35472d35472OSt20201211120846.0190216s9999||||xx |||||||||||||| ||und|| coclc a374bJAR/A aJarvis, Peter 97390 0aAdult And Continuing Education Theory And Practice /cPeter Jarvis bNichols Publishing Com, c1983.aNewyork: a301p cREF2ddch374iJAR/Ak374mJAR/A